Toán cao cấp Dùng cho các trường CĐSP và Kỹ thuật T.2 A3 Giải tích - Phương trình vi phân
Trình bày lý thuyết cơ bản, đưa ra một số bài tập, hướng dẫn và giải bài tập về tích phân bội; Tích phân đường và tích phân mặt; Phương trình vi phân cấp 1; Phương trình vi phân cấp cao.
Đã lưu trong:
| Tác giả chính: | |
|---|---|
| Định dạng: | Sách |
| Năm xuất bản: |
H.
Khoa học - kỹ thuật
1998
|
| Chủ đề: | |
| Tags: |
Thêm thẻ
Không có thẻ, Hãy là người đầu tiên gắn thẻ bản ghi này!
|
| LEADER | 03679nam a2200373 4500 | ||
|---|---|---|---|
| 082 | |a 515 |b NG527V | ||
| 100 | |a Nguyễn Văn Khuê | ||
| 245 | |a Toán cao cấp |c Nguyễn Văn Khuê chủ biên, Đậu Thế Cấp, Bùi Đắc Tắc |n T.2 |b Dùng cho các trường CĐSP và Kỹ thuật |p A3 Giải tích - Phương trình vi phân | ||
| 260 | |a H. |b Khoa học - kỹ thuật |c 1998 | ||
| 300 | |a 187 tr. |c 21 cm | ||
| 520 | |a Trình bày lý thuyết cơ bản, đưa ra một số bài tập, hướng dẫn và giải bài tập về tích phân bội; Tích phân đường và tích phân mặt; Phương trình vi phân cấp 1; Phương trình vi phân cấp cao. | ||
| 653 | |a Toán học | ||
| 653 | |a Giải tích | ||
| 653 | |a Phương trình vi phân | ||
| 942 | |2 ddc |c STK0 | ||
| 999 | |c 2647 |d 2647 | ||
| 952 | |0 0 |1 0 |2 ddc |4 0 |6 515_000000000000000_NG527V |7 1 |8 500 |9 32713 |a qbu |b qbu |c D3 |d 2014-12-14 |g 19000 |o 515 NG527V |p 3580.c1 |r 0000-00-00 |w 2014-12-14 |y STK0 | ||
| 952 | |0 0 |1 0 |2 ddc |4 0 |6 515_000000000000000_NG527V |7 0 |8 500 |9 32714 |a qbu |b qbu |c D3 |d 2014-12-14 |g 19000 |l 1 |o 515 NG527V |p 3580.c2 |r 2016-08-24 |s 2016-08-23 |w 2014-12-14 |y STK0 | ||
| 952 | |0 0 |1 0 |2 ddc |4 0 |6 515_000000000000000_NG527V |7 0 |8 500 |9 32715 |a qbu |b qbu |c D3 |d 2014-12-14 |g 19000 |l 1 |o 515 NG527V |p 3580.c3 |r 2015-10-29 |s 2015-10-23 |w 2014-12-14 |y STK0 | ||
| 952 | |0 0 |1 0 |2 ddc |4 0 |6 515_000000000000000_NG527V |7 0 |8 500 |9 32716 |a qbu |b qbu |c D3 |d 2014-12-14 |g 19000 |o 515 NG527V |p 3580.c4 |r 0000-00-00 |w 2014-12-14 |y STK0 | ||
| 952 | |0 0 |1 0 |2 ddc |4 0 |6 515_000000000000000_NG527V |7 0 |8 500 |9 32717 |a qbu |b qbu |c D3 |d 2014-12-14 |g 19000 |l 3 |o 515 NG527V |p 3580.c5 |r 2018-08-29 |s 2018-08-20 |w 2014-12-14 |y STK0 | ||
| 952 | |0 0 |1 0 |2 ddc |4 0 |6 515_000000000000000_NG527V |7 0 |8 500 |9 32718 |a qbu |b qbu |c D3 |d 2014-12-14 |g 19000 |l 1 |o 515 NG527V |p 3580.c6 |r 2016-03-30 |s 2016-03-22 |w 2014-12-14 |y STK0 | ||
| 952 | |0 0 |1 0 |2 ddc |4 0 |6 515_000000000000000_NG527V |7 0 |8 500 |9 32719 |a qbu |b qbu |c D3 |d 2014-12-14 |g 19000 |o 515 NG527V |p 3580.c7 |r 0000-00-00 |w 2014-12-14 |y STK0 | ||
| 952 | |0 0 |1 0 |2 ddc |4 0 |6 515_000000000000000_NG527V |7 0 |8 500 |9 32720 |a qbu |b qbu |c D3 |d 2014-12-14 |g 19000 |o 515 NG527V |p 3580.c8 |r 0000-00-00 |w 2014-12-14 |y STK0 | ||
| 952 | |0 0 |1 0 |2 ddc |4 0 |6 515_000000000000000_NG527V |7 0 |8 500 |9 32721 |a qbu |b qbu |c D3 |d 2014-12-14 |g 19000 |o 515 NG527V |p 3580.c9 |r 0000-00-00 |w 2014-12-14 |y STK0 | ||
| 952 | |0 0 |1 0 |2 ddc |4 0 |6 515_000000000000000_NG527V |7 0 |8 500 |9 32722 |a qbu |b qbu |c D3 |d 2014-12-14 |g 19000 |o 515 NG527V |p 3580.c10 |r 0000-00-00 |w 2014-12-14 |y STK0 | ||
| 952 | |0 0 |1 0 |2 ddc |4 0 |6 515_000000000000000_NG527V |7 0 |8 500 |9 32723 |a qbu |b qbu |c D3 |d 2014-12-14 |g 19000 |o 515 NG527V |p 3580.c11 |r 0000-00-00 |w 2014-12-14 |y STK0 | ||
| 952 | |0 0 |1 0 |2 ddc |4 0 |6 515_000000000000000_NG527V |7 0 |8 500 |9 32724 |a qbu |b qbu |c D3 |d 2014-12-14 |g 19000 |o 515 NG527V |p 3580.c12 |r 0000-00-00 |w 2014-12-14 |y STK0 | ||
| 952 | |0 0 |1 0 |2 ddc |4 0 |6 515_000000000000000_NG527V |7 0 |8 500 |9 32725 |a qbu |b qbu |c D3 |d 2014-12-14 |g 19000 |o 515 NG527V |p 3580.c13 |r 0000-00-00 |w 2014-12-14 |y STK0 | ||
| 952 | |0 0 |1 0 |2 ddc |4 0 |6 515_000000000000000_NG527V |7 0 |8 500 |9 32726 |a qbu |b qbu |c D3 |d 2014-12-14 |g 19000 |l 2 |o 515 NG527V |p 3580.c14 |r 2018-09-04 |s 2018-08-20 |w 2014-12-14 |y STK0 | ||
| 952 | |0 0 |1 0 |2 ddc |4 0 |6 515_000000000000000_NG527V |7 0 |8 500 |9 32727 |a qbu |b qbu |c D3 |d 2014-12-14 |g 19000 |o 515 NG527V |p 3580.c15 |r 0000-00-00 |w 2014-12-14 |y STK0 | ||
| 952 | |0 0 |1 0 |2 ddc |4 0 |6 515_000000000000000_NG527V |7 0 |8 500 |9 32728 |a qbu |b qbu |c D3 |d 2014-12-14 |g 19000 |o 515 NG527V |p 3580.c16 |r 0000-00-00 |w 2014-12-14 |y STK0 | ||
| 952 | |0 0 |1 0 |2 ddc |4 0 |6 515_000000000000000_NG527V |7 0 |8 500 |9 66041 |a qbu |b qbu |c D3 |d 2015-01-28 |o 515 NG527V |p 3580.c17 |r 0000-00-00 |w 2015-01-28 |y STK0 | ||
| 952 | |0 0 |1 0 |2 ddc |4 0 |6 515_000000000000000_NG527V |7 0 |8 500 |9 66042 |a qbu |b qbu |c D3 |d 2015-01-28 |l 1 |o 515 NG527V |p 3580.c18 |r 2015-05-15 |s 2015-05-08 |w 2015-01-28 |y STK0 | ||